000
00311nam a22001457a 4500
008
221004b ||||| |||| 00| 0 eng d
020
_a
9781635820997
041
_a
eng
080
_a
33
082
_a
33 BUR
100
_a
21.1
101
_a
BIZ
245
_a
THERE IS NO BUSINESS
_c
BURKE P
942
_2
udc
_c
BK
999
_c
58336
_d
58336